Normal view
MARC view
- Sundas Hamid
Entry Personal Name
001 - CONTROL NUMBER
- control field: 99031
003 - CONTROL NUMBER IDENTIFIER
- control field: NUST
005 - DATE AND TIME OF LATEST TRANSACTION
- control field: 20220927124330.0
008 - FIXED-LENGTH DATA ELEMENTS
- fixed length control field: 220927|| aca||aabn | a|a d
040 ## - CATALOGING SOURCE
- Original cataloging agency: NUST
- Transcribing agency: NUST
100 ## - HEADING--PERSONAL NAME
- Personal name: Sundas Hamid
670 ## - SOURCE DATA FOUND
- Source citation: Work cat.: (NUST)11344: Sundas Hamid, Detection of probing attacks in SWAF, 2012
